Analýza vplyvu tepelného spracovania súčiastky na rozmerovú presnosť

Uložené v:
Podrobná bibliografia
Hlavný autor: Nyerges, Marek (Autor)
Ďalší autori: Moravčíková, Jana (Vedúci práce)
Médium: Rukopis Kniha
Jazyk:Slovak
Vydavateľské údaje: 2023
Predmet:
On-line prístup:http://is.stuba.sk/zp/portal_zp.pl?podrobnosti=170415
Tagy: Pridať tag
Žiadne tagy, Buďte prvý, kto otaguje tento záznam!

MARC

LEADER 00000ntm a22000003a 4500
001 stuzp93654
003 SK-STU
005 20230909215704.5
007 ta
008 150427s2015----xo-----f-mn---000-0-slo-d
040 |a STU  |b slo 
041 0 |a slo 
100 1 |a Nyerges, Marek  |u 063000  |4 aut  |U MTF Materiálovotechnologická fakulta  |T MTF Ústav výrobných technológií  |X 96645  |U M3000  |Y 83  |7 96645 
242 0 1 |a Analysis of the influence of heat treatment of the component on dimensional accuracy  |y eng 
245 1 0 |a Analýza vplyvu tepelného spracovania súčiastky na rozmerovú presnosť 
260 |c 2023 
650 4 |a meranie závitov  |2 slo 
650 4 |a výroba závitov  |2 slo 
650 4 |a tepelné spracovanie  |2 slo 
650 4 |a thread production  |2 eng 
650 4 |a thread measurement  |2 eng 
650 4 |a heat treatment  |2 eng 
700 1 |a Moravčíková, Jana  |u 063200  |k Z1  |4 ths  |U MTF Ústav výrobných technológií  |T MTF Katedra obrábania a počítačovej podpory technológií  |X 1526  |U M3200  |Y 164  |7 A000001526 
856 4 |u http://is.stuba.sk/zp/portal_zp.pl?podrobnosti=170415 
996 |c M* DP-15205  |l MMSKP  |s P  |a 0  |w stuzp93654_0001